000 01584nam a2200289 a 4500
001 000000365
005 20200929145331.0
008 081218s2002 dr a r 000 0 spa d
020 _a9993461105
020 _a9789993461104
040 _aDO-SdBNP
_bspa
_cBNPHU
082 _a460.7
_bA475m
100 1 _aAlvino Romero, Sonia,
_d1953-
_91226
245 1 0 _aManual práctico de redacción general /
_cSonia Alvino Romero.
260 _aSanto Domingo :
_bBúho,
_c2002.
300 _a244 p. :
_bil., ;
_c28 cm.
504 _aBibligrafía : 243-244
505 0 _aPrólogo --
_tIntroducción --
_tPrimera unidad
_tLa comunicación: su importancia para el ser humano --
_tLa lectura --
_t¿Qué es redactar? --
_tLa expresión común y la literaria --
_tEl estilo --
_tEl párrafo --
_tEl resumen --
_tLa síntesis --
_tLa acentuación --
_tUsos de la letra mayúscula --
_tLos signos de puntuación --
_tAlgunas dudas lingüísticas que surgen al momento de redactar --
_gSegunda unidad.
_tDistintas formas de expresión --
_gTercera unidad.
_tLa titulación --
_tLa bibliografía --
_tRedacción textos expositivos e informativos --
_tLa redacción periodística --
_tLa redacción publicitaria.
590 _aInventariado, 2018/BT
650 4 _aEspañol
_xEnseñanza
_9406
650 4 _aRedacción
_xEjercicios de redacción
_91227
650 4 _aEspañol
_xOrtografía
_xEnseñanza
_91228
650 4 _aEspañol
_xEscritura
_xLibros de texto
_91229
650 4 _aPreparación de manuscritos (arte de escribir)
_91230
650 4 _aPeriodismo
_xArte de escribir
_927
910 _aValidado. Control de calidad. MFF
999 _c364
_d364